00541nas a22001457a 4500008004100000022001400041040000900055245008000064260007200144300002400216362003900240650003000279650003400309710005200343130626d19791998sp |||| |||| 00| 0 spa d a0210-556X aCDMR00aAEDEb: publicación de la Asociación de Editores de Diarios Españoles aMadridb Asociación de Editores de Diarios Españolesc1979-1998 anúm.bil.c27 cm. aNúm. 1 (1979) - núm. 22 (1998)04aPremsazEspanyavRevistes04aPeriodismezEspanyavRevistes2 aAsociación de Editores de Diarios Españoles